000 01419nam a22002777a 4500
001 441
003 BD-RjUL
005 20211208233159.0
008 131118s1984 -usd |||| 001 0 eng d
020 _a875897835
035 _a(BD-RjUL)458
040 _aBD-RjUL
_beng
_cBD-RjUL
041 _aeng
082 0 4 _222
_a300.723
_bSEC 1984
245 1 _aSecondary analysis of available data bases /
_cDavid J. Bowering, editor.
260 _aSan Francisco :
_bJossey-Bass,
_cc1984.
300 _a115 p. :
_bill. ;
_c23 cm.
490 _aNew directions for program evaluation
_v22
504 _aIncludes bibliographical references and index.
505 _a Large-scale data bases: who produces them, how to obtain them, what they contain / David E. Myers, Richard C. Rockwell -- Considerations and methodology for the preparation of data files / Jim C. Fortune, Janice K. McBee -- Using the higher education general information survey / Lloyd D. Andrew -- Impact analysis using an integrated data base: a case study / David J. Bowering.
650 _aEvaluation research (Social action programs) -- Data processing.
_91374
710 1 _aBowering, David J.
_91375
830 _aJossey-Bass higher education and social and behavioral sciences series.
_91376
856 4 _3Worldcat Details
_uhttp://www.worldcat.org/title/secondary-analysis-of-available-data-bases/oclc/11111429&referer=brief_results
942 _2ddc
_cBK
999 _c441
_d441